000 02235cam a22004814i 4500
003 PE-LiUPU
005 20250731172941.0
008 150623s r 000 0 d
020 _a0385028539
035 _a(Sirsi) i9780385028530
040 _aPE-LiUPU
_bspa
_cPE-LiUPU
_erda
049 _aPRUA
082 0 4 _a220.7
_bAB
_221
100 1 _aOrr, Willian Fridell,
_eautor.
245 1 0 _aI Corinthians.
_n32 /
_cWilliam Fridell Orr.
264 1 _aNew York :
_bDoubleday,
_c1976.
300 _a388 páginas ;
_c24 centímetros
336 _atext
_2rdacontent
337 _aunmediated
_2rdamedia
338 _avolume
_2rdacarrier
490 0 _aThe Anchor Bible ;
_v32
504 _aIncluye bibliografía.
505 0 _aAbsurdity of the claims. -Baptisms by Paul. - Saving power and perishing folly. -God's choice of the "nothing". -The spirits as revealer of God's wisdom. -Strife and immaturity. -Cooperative roles of leadership. - The lord as judge. -Standards of christian living. -Toleration of one having his " father's wife". -The kingdom of God and immorality. - Not to be joined to a prostitute. - Sexual intercourse. - The lord's charge against ultimate separation. - Believers not bound by broken marriages with unbelievers. - Marriage permissible the unmarried. - Love, not knwledg; the guiding principle. - His apostolic freedom. - The spirit of god and spiritual gifts. - The nature of the body of Christ. - Worthessnes of all gifts without love. - Tongues and unbelievers.
526 _aSEG42
526 _aSEG41
526 _aSEG40
526 _aSEG39
526 _aP94
526 _aP87
526 _aP86
526 _aP85
526 _aP77
526 _aP76
526 _aP35
630 _aBiblia.
_pN.T.
_pCorintios I
_xComentarios.
700 1 _aWalther, James Arthur.
942 _2ddc
_cBOOK
949 _a220.7 AB 32
_wDEWEY
_c1
_i44562
_lCCODEBUL1
_mBUL
_r0
_sY
_tBOOK
_u2015-6-24
_xTEOLOGIA
_PP35
_0COMPRA
_o.STAFF. Colección General
994 _aC0
_bPEPRU
596 _a1
999 _a220.7 AB 32
_wDEWEY
_c21448
_i44562
_f2021-11-9
_g6
_lCCODEBUL1
_mBUL
_r0
_sY
_tBOOK
_u2015-6-24
_xTEOLOGIA
_PP35
_0COMPRA
_o.STAFF. Colección General
_d21448
980 _81
_gALBERTO SANCHEZ Responsable de Automatización